[Event "Sitges Sunway op 9th"]
[Site "Sitges"]
[Date "2022.12.19"]
[Round "7"]
[White "Pousada Garcia, Victor Daniel"]
[Black "Kostov, Deyan Samuil"]
[Result "1/2-1/2"]
[WhiteElo "1960"]
[BlackElo "2260"]
[PlyCount "185"]
[EventDate "2022.12.12"]
[EventType "swiss"]
[EventRounds "10"]
[EventCountry "ESP"]
[SourceTitle "CBM 211 Extra"]
[Source "ChessBase"]
[SourceDate "2023.01.31"]
[SourceVersion "1"]
[SourceVersionDate "2023.01.31"]
[SourceQuality "1"]

1. e4 c5 2. Nf3 e6 3. c3 d5 4. exd5 Qxd5 5. d4 Nf6 6. Be2 Nc6 7. 0-0 Be7 8. Na3 0-0 9. Nb5 Qd8 10. dxc5 Bxc5 11. Bg5 a6 12. Nbd4 Nxd4 13. Nxd4 Qe7 14. Nb3 Ba7 15. Bf3 h6 16. Bh4 e5 17. Qe2 g5 18. Bg3 e4 19. Rfe1 Re8 20. Qc2 Bf5 21. Be2 Bg6 22. Nd4 Rac8 23. Rad1 e3 24. Qb3 Ne4 25. Bf3 Nxf2 26. Bxf2 exf2+ 27. Kxf2 Qf6 28. Qxb7 Bc5 29. Qd5 Rxe1 30. Kxe1 Qf4 31. g3 Qe3+ 32. Kf1 Bc2 33. Re1 Bd3+ 34. Be2 Bxd4 35. Qxd4 Qf3+ 36. Qf2 Qh1+ 37. Qg1 Qf3+ 38. Qf2 Qh1+ 39. Qg1 Qd5 40. Qd4 Bxe2+ 41. Rxe2 Qxa2 42. Qf6 Qd5 43. Qxh6 Rd8 44. Qh5 Kg7 45. Qh3 Qf3+ 46. Ke1 Qh1+ 47. Kf2 Rh8 48. Qg4 Rxh2+ 49. Ke3 Qc1+ 50. Kd3 Qb1+ 51. Ke3 Qc1+ 52. Kd3 Qd1+ 53. Ke3 f6 54. Qf3 Qc1+ 55. Kd3 Qb1+ 56. Ke3 Qg1+ 57. Kd3 Rxe2 58. Kxe2 a5 59. Qb7+ Kh6 60. Qb8 Qg2+ 61. Ke3 Qc6 62. Qh8+ Kg6 63. Qb8 Kf5 64. Kd4 Kg4 65. b4 a4 66. b5 Qd7+ 67. Kc4 Qe6+ 68. Kd3 a3 69. b6 a2 70. Qa7 Qf5+ 71. Kd4 Qf2+ 72. Kd5 Qb2 73. b7 a1Q 74. Qxa1 Qxa1 75. b8Q Qxc3 76. Qb2 Qf3+ 77. Ke6 f5 78. Kf6 Qc6+ 79. Kg7 Qc7+ 80. Kf6 Qd6+ 81. Kf7 Qxg3 82. Qb1 Qf3 83. Qg1+ Kh4 84. Kg6 Qg3 85. Qh1+ Kg4 86. Qd1+ Kf4 87. Qd4+ Kf3 88. Qd3+ Kg2 89. Qxf5 g4 90. Kg5 Kh3 91. Qf1+ Kh2 92. Qe2+ Kh3 93. Qf1+ 1/2-1/2

[Event "Sitges Sunway op 9th"]
[Site "Sitges"]
[Date "2022.12.17"]
[Round "6"]
[White "Pousada Garcia, Victor Daniel"]
[Black "Joel Paul, Ganta"]
[Result "1-0"]
[WhiteElo "1960"]
[BlackElo "2183"]
[PlyCount "58"]
[EventDate "2022.12.12"]
[EventType "swiss"]
[EventRounds "10"]
[EventCountry "ESP"]
[SourceTitle "CBM 211 Extra"]
[Source "ChessBase"]
[SourceDate "2023.01.31"]
[SourceVersion "1"]
[SourceVersionDate "2023.01.31"]
[SourceQuality "1"]

1. e4 c5 2. Nf3 d6 3. d4 cxd4 4. Qxd4 Nc6 5. Bb5 Bd7 6. Bxc6 Bxc6 7. Nc3 Nf6 8. Bg5 e6 9. 0-0-0 Be7 10. Rhe1 0-0 11. e5 dxe5 12. Qh4 Nd5 13. Rxd5 exd5 14. Bxe7 Qc7 15. Bxf8 e4 16. Bxg7 Kxg7 17. Qg5+ Kf8 18. Qf6 Kg8 19. Ne5 Re8 20. Nxc6 bxc6 21. Re3 Re6 22. Rg3+ Kf8 23. Qd4 Qf4+ 24. Qe3 Qd6 25. Qxa7 c5 26. Qa8+ Re8 27. Qxd5 Qf4+ 28. Qd2 Qf6 29. Nd5 Qe5 1-0

[Event "Sitges Sunway op 9th"]
[Site "Sitges"]
[Date "2022.12.13"]
[Round "2"]
[White "Pousada Garcia, Victor Daniel"]
[Black "Requejo Cotrina, Oswaldo Valentin"]
[Result "0-1"]
[WhiteElo "1960"]
[BlackElo "2248"]
[PlyCount "110"]
[EventDate "2022.12.12"]
[EventType "swiss"]
[EventRounds "10"]
[EventCountry "ESP"]
[SourceTitle "CBM 211 Extra"]
[Source "ChessBase"]
[SourceDate "2023.01.31"]
[SourceVersion "1"]
[SourceVersionDate "2023.01.31"]
[SourceQuality "1"]

1. e4 c5 2. Nf3 d6 3. d4 cxd4 4. Qxd4 Nc6 5. Bb5 Bd7 6. Bxc6 Bxc6 7. Nc3 Nf6 8. Bg5 e6 9. 0-0-0 Be7 10. Rhe1 0-0 11. e5 dxe5 12. Qh4 Qc7 13. Nxe5 Rfd8 14. Rxd8+ Bxd8 15. Qc4 Nd5 16. Bxd8 Qxd8 17. Nxc6 bxc6 18. Nxd5 cxd5 19. Qd4 Rc8 20. Re3 h5 21. Rg3 g6 22. Qe5 Qb6 23. Qf6 Qb4 24. c3 Qe4 25. Re3 Qxg2 26. Rxe6 fxe6 27. Qxe6+ Kg7 28. Qxc8 Qf1+ 29. Kc2 Qxf2+ 30. Kb3 Qxh2 31. Qd7+ Kh6 32. Qxa7 Qf4 33. Qa8 h4 34. a4 d4 35. a5 d3 36. Qh8+ Kg5 37. Qd8+ Kg4 38. Qxd3 Qf7+ 39. Ka3 h3 40. Qe4+ Kg3 41. a6 h2 42. Qb7 Qf1 43. Qb8+ Kh3 44. Qc8+ Kg3 45. Qc7+ Kg2 46. Qc6+ Kf2 47. Qf6+ Ke1 48. Qh4+ Qf2 49. Qe4+ Kd2 50. Qb7 Qg1 51. Qd5+ Ke1 52. a7 Qxa7+ 53. Kb3 Qb6+ 54. Kc4 Qg1 55. Qf3 h1Q 0-1

[Event "Santiago de Compostela Bicapawn GP Rap"]
[Site "Santiago de Compostela"]
[Date "2022.10.22"]
[Round "4"]
[White "Pousada Garcia, Victor Daniel"]
[Black "Vasquez Schroder, Rodrigo Rafael"]
[Result "0-1"]
[WhiteElo "1952"]
[BlackElo "2520"]
[PlyCount "64"]
[EventDate "2022.10.22"]
[EventType "swiss (rapid)"]
[EventRounds "9"]
[EventCountry "ESP"]
[SourceTitle "CBM 210 Extra"]
[Source "ChessBase"]
[SourceDate "2022.11.30"]
[SourceVersion "1"]
[SourceVersionDate "2022.11.30"]
[SourceQuality "1"]

1. e4 c5 2. Nf3 d6 3. d4 cxd4 4. Qxd4 Nc6 5. Bb5 Bd7 6. Bxc6 Bxc6 7. Nc3 e5 8. Qd3 h6 9. Be3 Nf6 10. h3 b5 11. 0-0-0 Qa5 12. Nd2 a6 13. f4 Be7 14. g4 exf4 15. Bxf4 Rd8 16. Nb3 Qc7 17. Nd4 b4 18. Nxc6 Qxc6 19. Nd5 Nxd5 20. exd5 Qa4 21. Rhe1 Qxa2 22. Re6 Rd7 23. Rxe7+ Kxe7 24. Re1+ Kd8 25. Qd4 Qa1+ 26. Kd2 Qa5 27. Qxg7 b3+ 28. c3 Qxd5+ 29. Kc1 Re8 30. Rxe8+ Kxe8 31. Bxh6 Re7 32. Bd2 Qd3 0-1

[Event "Santiago de Compostela Bicapawn GP B2"]
[Site "Santiago de Compostela"]
[Date "2022.10.20"]
[Round "1"]
[White "Sargissian, Gabriel"]
[Black "Pousada Garcia, Victor Daniel"]
[Result "0-1"]
[WhiteElo "2711"]
[BlackElo "1952"]
[PlyCount "48"]
[EventDate "2022.10.20"]
[EventType "swiss (blitz)"]
[EventRounds "9"]
[EventCountry "ESP"]
[SourceTitle "CBM 210 Extra"]
[Source "ChessBase"]
[SourceDate "2022.11.30"]
[SourceVersion "1"]
[SourceVersionDate "2022.11.30"]
[SourceQuality "1"]

1. e4 c6 2. d4 d5 3. exd5 cxd5 4. Bd3 Nf6 5. Bf4 Bg4 6. Nf3 Nc6 7. c3 e6 8. Qb3 Qc8 9. Nbd2 Be7 10. 0-0 0-0 11. Ne5 Nxe5 12. dxe5 Nd7 13. Qc2 g6 14. Rae1 Nc5 15. Be2 Bf5 16. Qd1 Nd3 17. Bxd3 Bxd3 18. Re3 Bxf1 19. Nxf1 Qc4 20. Bh6 Rfd8 21. Rf3 d4 22. Rf4 dxc3 23. Qxd8+ Rxd8 24. Rxc4 cxb2 0-1

[Event "Calvia Amateur op 19th"]
[Site "Calvia"]
[Date "2022.10.12"]
[Round "5"]
[White "Pousada Garcia, Victor Daniel"]
[Black "Jekabsons, Ivars"]
[Result "0-1"]
[WhiteElo "1952"]
[BlackElo "2120"]
[PlyCount "80"]
[EventDate "2022.10.08"]
[EventType "swiss"]
[EventRounds "9"]
[EventCountry "ESP"]
[SourceTitle "CBM 210 Extra"]
[Source "ChessBase"]
[SourceDate "2022.11.30"]
[SourceVersion "1"]
[SourceVersionDate "2022.11.30"]
[SourceQuality "1"]

1. e4 c5 2. Nf3 Nc6 3. Nc3 g6 4. d4 cxd4 5. Nxd4 Bg7 6. Be3 Nf6 7. Be2 0-0 8. Qd2 d5 9. exd5 Nxd5 10. Nxd5 Qxd5 11. Bf3 Qc4 12. b3 Qa6 13. Be2 Qa3 14. Nb5 Qb2 15. 0-0 Rd8 16. Bd3 Bf5 17. Rab1 Qxa2 18. Nc3 Qa5 19. b4 Qe5 20. Rb3 Nd4 21. Bxd4 Qxd4 22. Nb5 Qb6 23. Qe3 Bxd3 24. Qxb6 axb6 25. cxd3 Ra2 26. Rd1 Rc8 27. d4 Rcc2 28. Rf3 Rd2 29. Rc1 Bxd4 30. Rc8+ Kg7 31. h4 Bxf2+ 32. Kh1 Bxh4 33. Nc7 Rxg2 34. Rh3 Rgd2 35. Ne8+ Kh6 36. Rc1 g5 37. b5 Kg6 38. Rf1 Rac2 39. Rxh4 gxh4 40. Rg1+ Kh6 0-1